000 00531nam a22001817a 4500
999 _c4092
_d4092
003 GBCCL
005 20241126110510.0
008 180111b xxu||||| |||| 00| 0 eng d
020 _a0785268081
040 _cgbc
082 _a243
_bPAR
100 _aParsley, Rod
_97850
245 _aOn the Brink:
_bBreaking through every obstacle into the glory of God /
_cRod Parsley
260 _bThomas Nelson Publishers,
_aNashville:
_c2000
300 _a218 p.;
_c21 cm.
650 _aChristian life
_zUnited States
_9522
942 _2ddc
_cBK
_01